[Event "ENG-ch Senior 50+"]
[Site "Leamington"]
[Date "2023.05.08"]
[Round "7.4"]
[White "Hill, Jonathan S"]
[Black "Baer, Bruce L"]
[Result "1/2-1/2"]
[WhiteElo "2046"]
[BlackElo "1950"]
[PlyCount "128"]
[EventDate "2023.05.04"]
[EventType "swiss"]
[EventRounds "7"]
[EventCountry "ENG"]
[SourceTitle "BritBase"]
[Source "John Saunders"]
[SourceDate "2023.05.08"]
[SourceVersion "1"]
[SourceVersionDate "2023.05.08"]
[SourceQuality "1"]

1. d4 d6 2. Nc3 g6 3. e4 Bg7 4. Be3 a6 5. a4 Nc6 6. h3 Nf6 7. Nf3 O-O 8. Be2 e5
9. d5 Ne7 10. Qd2 Re8 11. a5 Nxe4 12. Nxe4 f5 13. Neg5 f4 14. Rd1 fxe3 15. Qxe3
Nf5 16. Qe4 Nd4 17. Nxd4 exd4 18. Ne6 Bxe6 19. dxe6 d5 20. Qg4 Qd6 21. O-O Rxe6
22. Bf3 c6 23. h4 Rae8 24. h5 gxh5 25. Qxh5 Qe7 26. g3 Re5 27. Qh3 Rf8 28. Bg4
c5 29. Kg2 Qf6 30. f4 Re3 31. Qh5 Qg6 32. Qxg6 hxg6 33. Bf3 Rd8 34. Rfe1 Rxe1
35. Rxe1 Kf7 36. b3 Bf6 37. Kf2 Rd7 38. Bg4 Rd6 39. Bc8 b6 40. axb6 Rxb6 41. f5
gxf5 42. Bxf5 c4 43. bxc4 dxc4 44. Kf3 a5 45. Bd7 Rb4 46. Be6+ Kg7 47. Bf5 a4
48. Re8 d3 49. cxd3 c3 50. d4 Rxd4 51. Ra8 Be7 52. Bc2 a3 53. Bb3 Kf6 54. Rc8
Bb4 55. Ke3 Rd6 56. Rc4 Rb6 57. Kd3 Ke5 58. Kc2 Rb5 59. g4 Kf6 60. Kb1 Kg5 61.
Ka2 Kh4 62. Ba4 Rb6 63. Bb3 Rb8 64. Ba4 Rb6 1/2-1/2

[Event "ENG-ch Senior 50+"]
[Site "Leamington"]
[Date "2023.05.08"]
[Round "7.5"]
[White "Wells, Peter K"]
[Black "Alldritt, Nigel R"]
[Result "1-0"]
[WhiteElo "2356"]
[BlackElo "1954"]
[PlyCount "69"]
[EventDate "2023.05.04"]
[EventType "swiss"]
[EventRounds "7"]
[EventCountry "ENG"]
[SourceTitle "BritBase"]
[Source "John Saunders"]
[SourceDate "2023.05.08"]
[SourceVersion "1"]
[SourceVersionDate "2023.05.08"]
[SourceQuality "1"]

1. d4 Nf6 2. c4 g6 3. Nc3 d5 4. cxd5 Nxd5 5. e4 Nxc3 6. bxc3 Bg7 7. Bc4 c5 8.
Ne2 O-O 9. O-O Nc6 10. Be3 Qc7 11. Rc1 b6 12. Qd2 Bb7 13. Bh6 Na5 14. Bd3 e5
15. Bxg7 Kxg7 16. f4 f5 17. fxe5 fxe4 18. Bc2 Nc4 19. Qg5 Qd8 20. Qg3 Qe7 21.
Nf4 Rf5 22. Bb3 Nd2 23. Nh5+ Kh8 24. Rxf5 gxf5 25. Nf6 Qg7 26. Qe3 Nf3+ 27. Kh1
Nh4 28. Rg1 Ng6 29. g3 Rd8 30. Rf1 cxd4 31. cxd4 Bc8 32. Rc1 Bb7 33. Be6 f4 34.
gxf4 Nxf4 35. Qxf4 1-0

[Event "ENG-ch Senior 50+"]
[Site "Leamington"]
[Date "2023.05.08"]
[Round "7.6"]
[White "Wilson, Matthew R"]
[Black "Bradbury, Neil H"]
[Result "0-1"]
[WhiteElo "1747"]
[BlackElo "2215"]
[PlyCount "56"]
[EventDate "2023.05.04"]
[EventType "swiss"]
[EventRounds "7"]
[EventCountry "ENG"]
[SourceTitle "BritBase"]
[Source "John Saunders"]
[SourceDate "2023.05.08"]
[SourceVersion "1"]
[SourceVersionDate "2023.05.08"]
[SourceQuality "1"]

1. b3 Nf6 2. Bb2 e6 3. c4 d5 4. e3 c5 5. Nf3 Nc6 6. cxd5 exd5 7. d4 cxd4 8.
Nxd4 Bb4+ 9. Bc3 Bd6 10. Nxc6 bxc6 11. Qf3 Ne4 12. Bd3 Nxc3 13. Nxc3 Qa5 14.
Kd2 Be5 15. Rac1 g6 16. Qd1 O-O 17. Qc2 c5 18. Ke2 Be6 19. h3 c4 20. bxc4 dxc4
21. Be4 Rad8 22. f4 Bg7 23. g4 f5 24. gxf5 gxf5 25. Bf3 Rd3 26. Nb1 Qb6 27. Kf1
Qxe3 28. Qe2 Qxf3+ 0-1

[Event "ENG-ch Senior 50+"]
[Site "Leamington"]
[Date "2023.05.08"]
[Round "7.7"]
[White "Crocker, Philip J"]
[Black "Parker, Keith"]
[Result "1-0"]
[WhiteElo "2148"]
[BlackElo "1827"]
[PlyCount "26"]
[EventDate "2023.05.04"]
[EventType "swiss"]
[EventRounds "7"]
[EventCountry "ENG"]
[SourceTitle "BritBase"]
[Source "John Saunders"]
[SourceDate "2023.05.08"]
[SourceVersion "1"]
[SourceVersionDate "2023.05.08"]
[SourceQuality "1"]

1. d4 Nf6 2. c4 e6 3. g3 d5 4. Nf3 Bb4+ 5. Bd2 Be7 6. Bg2 c6 7. Qc2 O-O 8. Nc3
Nbd7 9. Rd1 b6 10. e4 dxe4 11. Nxe4 Bb7 12. O-O Qc8 13. Rfe1 Re8 1-0

[Event "ENG-ch Senior 50+"]
[Site "Leamington"]
[Date "2023.05.08"]
[Round "7.8"]
[White "Henderson, David"]
[Black "Josse, Mark"]
[Result "1/2-1/2"]
[WhiteElo "2116"]
[BlackElo "2160"]
[PlyCount "33"]
[EventDate "2023.05.04"]
[EventType "swiss"]
[EventRounds "7"]
[EventCountry "ENG"]
[SourceTitle "BritBase"]
[Source "John Saunders"]
[SourceDate "2023.05.08"]
[SourceVersion "1"]
[SourceVersionDate "2023.05.08"]
[SourceQuality "1"]

1. e4 c5 2. c3 d5 3. exd5 Qxd5 4. d4 Nf6 5. Nf3 e6 6. Na3 Nc6 7. Bd3 cxd4 8.
Nb5 Qd8 9. Nbxd4 Nxd4 10. Nxd4 Be7 11. O-O O-O 12. Bg5 Nd5 13. Bxe7 Qxe7 14.
Qf3 Qg5 15. g3 Nf6 16. Rfe1 Rd8 17. Rad1 1/2-1/2

[Event "ENG-ch Senior 50+"]
[Site "Leamington"]
[Date "2023.05.08"]
[Round "7.9"]
[White "Ireland, David J"]
[Black "Byron, Alan M"]
[Result "1/2-1/2"]
[WhiteElo "1911"]
[BlackElo "2181"]
[PlyCount "58"]
[EventDate "2023.05.04"]
[EventType "swiss"]
[EventRounds "7"]
[EventCountry "ENG"]
[SourceTitle "BritBase"]
[Source "John Saunders"]
[SourceDate "2023.05.08"]
[SourceVersion "1"]
[SourceVersionDate "2023.05.08"]
[SourceQuality "1"]

1. Nf3 Nf6 2. d4 d5 3. Bg5 e6 4. e3 Be7 5. Bd3 O-O 6. Nbd2 c5 7. c3 cxd4 8.
exd4 Nc6 9. O-O Nh5 10. Bxe7 Qxe7 11. Ne5 Nf4 12. Ndf3 Nxd3 13. Qxd3 f6 14.
Nxc6 bxc6 15. Rfe1 a5 16. Nd2 a4 17. b4 Qd6 18. Qg3 Qxg3 19. hxg3 Kf7 20. Re3
Re8 21. Rae1 Ba6 22. f4 h5 23. a3 g6 24. Kf2 Re7 25. Rc1 Rd8 26. Rce1 Rd6 27.
Nf3 Rd8 28. Rh1 Kg7 29. Rhe1 Kf7 1/2-1/2

[Event "ENG-ch Senior 50+"]
[Site "Leamington"]
[Date "2023.05.08"]
[Round "7.10"]
[White "Thompson, Ian D"]
[Black "Mason, Donald J"]
[Result "1/2-1/2"]
[WhiteElo "2064"]
[BlackElo "2054"]
[PlyCount "33"]
[EventDate "2023.05.04"]
[EventType "swiss"]
[EventRounds "7"]
[EventCountry "ENG"]
[SourceTitle "BritBase"]
[Source "John Saunders"]
[SourceDate "2023.05.08"]
[SourceVersion "1"]
[SourceVersionDate "2023.05.08"]
[SourceQuality "1"]

1. c4 Nf6 2. Nc3 g6 3. g3 Bg7 4. Bg2 O-O 5. Nf3 c5 6. d4 d6 7. O-O Nc6 8. dxc5
dxc5 9. Be3 Qa5 10. Nd5 e6 11. Bd2 Qd8 12. Nxf6+ Bxf6 13. Qc1 b6 14. Rd1 Qe7
15. Bc3 Bxc3 16. Qxc3 Bb7 17. e3 1/2-1/2

[Event "ENG-ch Senior 50+"]
[Site "Leamington"]
[Date "2023.05.08"]
[Round "7.11"]
[White "Brett, Andrew R"]
[Black "Gibbs, Dominic V"]
[Result "1-0"]
[WhiteElo "2085"]
[BlackElo "1879"]
[PlyCount "35"]
[EventDate "2023.05.04"]
[EventType "swiss"]
[EventRounds "7"]
[EventCountry "ENG"]
[SourceTitle "BritBase"]
[Source "John Saunders"]
[SourceDate "2023.05.08"]
[SourceVersion "1"]
[SourceVersionDate "2023.05.08"]
[SourceQuality "1"]

1. d4 e6 2. c4 f5 3. g3 Nf6 4. Bg2 d5 5. Nf3 c6 6. O-O Bd6 7. b3 Qe7 8. Ne5 O-O
9. Qc2 Bd7 10. Nd3 Be8 11. Bf4 Bxf4 12. Nxf4 e5 13. dxe5 Qxe5 14. Nd2 dxc4 15.
Nxc4 Qe7 16. Qxf5 Bf7 17. Qe5 Qb4 18. Nd3 1-0

[Event "ENG-ch Senior 50+"]
[Site "Leamington"]
[Date "2023.05.08"]
[Round "7.13"]
[White "Wall, Robert"]
[Black "Regan, Natasha K"]
[Result "0-1"]
[WhiteElo "1682"]
[BlackElo "1981"]
[PlyCount "76"]
[EventDate "2023.05.04"]
[EventType "swiss"]
[EventRounds "7"]
[EventCountry "ENG"]
[SourceTitle "BritBase"]
[Source "John Saunders"]
[SourceDate "2023.05.08"]
[SourceVersion "1"]
[SourceVersionDate "2023.05.08"]
[SourceQuality "1"]

1. d4 Nf6 2. Bf4 g6 3. Nf3 Bg7 4. e3 d6 5. h4 Bg4 6. Be2 Nh5 7. Bh2 Nd7 8. Nfd2
Bxe2 9. Qxe2 c5 10. c3 Nhf6 11. Na3 h5 12. Qf3 Rb8 13. Ne4 Nxe4 14. Qxe4 Nf6
15. Qc2 cxd4 16. exd4 O-O 17. O-O b5 18. Qd3 Qd7 19. Rfe1 a5 20. Nc2 Rfe8 21.
Rad1 Ng4 22. Bg3 Bf6 23. f3 Nh6 24. Ne3 e6 25. Kf2 Rbc8 26. Rd2 d5 27. Rde2 b4
28. cxb4 axb4 29. Rh1 Qa7 30. Nc2 Rc4 31. Be5 Bxe5 32. Rxe5 Rec8 33. Re2 Nf5
34. b3 Rc3 35. Qd2 Rxc2 36. Qxc2 Rxc2 37. Rxc2 Qxd4+ 38. Ke1 Qa1+ 0-1

[Event "ENG-ch Senior 50+"]
[Site "Leamington"]
[Date "2023.05.08"]
[Round "7.14"]
[White "Miller, George I"]
[Black "McMahon, Paul"]
[Result "1/2-1/2"]
[WhiteElo "1849"]
[BlackElo "1898"]
[PlyCount "32"]
[EventDate "2023.05.04"]
[EventType "swiss"]
[EventRounds "7"]
[EventCountry "ENG"]
[SourceTitle "BritBase"]
[Source "John Saunders"]
[SourceDate "2023.05.08"]
[SourceVersion "1"]
[SourceVersionDate "2023.05.08"]
[SourceQuality "1"]

1. c4 e6 2. Nc3 d5 3. d4 Nf6 4. cxd5 exd5 5. Bg5 Nbd7 6. Nf3 Be7 7. e3 h6 8.
Bh4 O-O 9. Bd3 c6 10. Qc2 b6 11. O-O Bb7 12. Rfb1 a5 13. a4 Re8 14. Bg3 Rc8 15.
Bf5 Nh5 16. Be5 Nhf6 1/2-1/2

[Event "ENG-ch Senior 50+"]
[Site "Leamington"]
[Date "2023.05.08"]
[Round "7.15"]
[White "Singhal, Saket"]
[Black "Donnelly, Andrew J"]
[Result "1-0"]
[WhiteElo "1596"]
[BlackElo "1586"]
[PlyCount "53"]
[EventDate "2023.05.04"]
[EventType "swiss"]
[EventRounds "7"]
[EventCountry "ENG"]
[SourceTitle "BritBase"]
[Source "John Saunders"]
[SourceDate "2023.05.08"]
[SourceVersion "1"]
[SourceVersionDate "2023.05.08"]
[SourceQuality "1"]

1. e4 g6 2. d4 Bg7 3. Nc3 a6 4. Nf3 d6 5. Be3 e6 6. Qd2 h6 7. Bd3 b6 8. a3 Nd7
9. Ne2 Bb7 10. Ng3 Ne7 11. Rc1 g5 12. Nh5 Rg8 13. Nxg7+ Rxg7 14. h4 gxh4 15.
Rxh4 Rxg2 16. Rxh6 Ng8 17. Rh3 Qe7 18. Qe2 e5 19. d5 Nc5 20. Kf1 Nxd3 21. cxd3
Rg7 22. Nh4 Qd7 23. Nf5 Rg6 24. Rh8 f6 25. Qh5 Qf7 26. Rxc7 Qxc7 27. Qxg6+ 1-0

[Event "ENG-ch Senior 50+"]
[Site "Leamington"]
[Date "2023.05.08"]
[Round "7.16"]
[White "Cole, Graham L"]
[Black "Betts, Richard"]
[Result "1/2-1/2"]
[WhiteElo "1643"]
[BlackElo "1752"]
[PlyCount "57"]
[EventDate "2023.05.04"]
[EventType "swiss"]
[EventRounds "7"]
[EventCountry "ENG"]
[SourceTitle "BritBase"]
[Source "John Saunders"]
[SourceDate "2023.05.08"]
[SourceVersion "1"]
[SourceVersionDate "2023.05.08"]
[SourceQuality "1"]

1. e4 e6 2. d4 d5 3. Nc3 Nf6 4. Bg5 dxe4 5. Nxe4 Nbd7 6. Nf3 h6 7. Nxf6+ Nxf6
8. Bh4 c5 9. dxc5 Qa5+ 10. c3 Qxc5 11. Qd4 Qxd4 12. Nxd4 a6 13. Bd3 Be7 14. O-O
O-O 15. Rfe1 Re8 16. Rad1 Bd7 17. Bc2 Rad8 18. Bb3 Bc8 19. Nf3 b5 20. Rxd8 Rxd8
21. Rd1 Rxd1+ 22. Bxd1 Bb7 23. Nd4 g5 24. Bg3 Bd5 25. Bb3 Bxb3 26. Nxb3 Nd7 27.
Bc7 f5 28. Kf1 Kf7 29. Ke2 1/2-1/2

[Event "ENG-ch Senior 50+"]
[Site "Leamington"]
[Date "2023.05.08"]
[Round "7.17"]
[White "Homer, Neil S"]
[Black "Gunasekera, Asanga"]
[Result "1-0"]
[WhiteElo "1534"]
[BlackElo "1506"]
[PlyCount "105"]
[EventDate "2023.05.04"]
[EventType "swiss"]
[EventRounds "7"]
[EventCountry "ENG"]
[SourceTitle "BritBase"]
[Source "John Saunders"]
[SourceDate "2023.05.08"]
[SourceVersion "1"]
[SourceVersionDate "2023.05.08"]
[SourceQuality "1"]

1. e4 c6 2. d4 d5 3. exd5 cxd5 4. Bd3 Nc6 5. c3 Nf6 6. Bf4 Bg4 7. Qb3 e5 8.
dxe5 Nh5 9. Bg3 Nxg3 10. hxg3 Nxe5 11. Bb5+ Nc6 12. Nf3 a6 13. Bxc6+ bxc6 14.
O-O Bd6 15. Re1+ Be6 16. Nd4 Qd7 17. Nd2 O-O 18. Qc2 Rfe8 19. Nxe6 Rxe6 20.
Rxe6 Qxe6 21. Nf3 Qf6 22. Re1 g6 23. Qd3 Bc5 24. Qe2 Bd6 25. Qd3 a5 26. Qe2 a4
27. a3 Kg7 28. Qc2 Qd8 29. Re2 Qb6 30. Kf1 c5 31. Rd2 Qa6+ 32. Qd3 Qxd3+ 33.
Rxd3 Rb8 34. Rxd5 Be7 35. Rd2 f6 36. Ke2 h6 37. Kd1 g5 38. Kc2 Kf7 39. g4 Ke6
40. Ne1 Bd6 41. Nd3 Ke7 42. f3 Ke6 43. Nf2 Be7 44. Ne4 Ke5 45. c4 Ke6 46. Nc3
Ra8 47. Nb5 Ke5 48. Re2+ Kf4 49. Rxe7 Kg3 50. Re2 Rf8 51. Nc3 f5 52. gxf5 Rxf5
53. Nxa4 1-0

[Event "ENG-ch Senior 65+"]
[Site "Leamington"]
[Date "2023.05.04"]
[Round "1.1"]
[White "Barton, R Alan"]
[Black "Littlewood, Paul E"]
[Result "0-1"]
[WhiteElo "1840"]
[BlackElo "2347"]
[PlyCount "70"]
[EventDate "2023.05.04"]
[EventType "swiss"]
[EventRounds "7"]
[EventCountry "ENG"]
[SourceTitle "BritBase"]
[Source "John Saunders"]
[SourceDate "2023.05.08"]
[SourceVersion "1"]
[SourceVersionDate "2023.05.08"]
[SourceQuality "1"]

1. Nf3 Nf6 2. c4 g6 3. d4 Bg7 4. Nc3 O-O 5. Bg5 d6 6. e3 Nbd7 7. Be2 h6 8. Bh4
g5 9. Bg3 Nh5 10. Qc2 e6 11. O-O-O a6 12. c5 Nxg3 13. hxg3 dxc5 14. dxc5 Qe7
15. Na4 b5 16. cxb6 cxb6 17. Kb1 b5 18. Nc3 Nc5 19. Rh5 Bb7 20. Nxg5 f5 21.
Nxe6 Qxe6 22. Bf3 Ne4 23. Ne2 Rac8 24. Qb3 Qxb3 25. axb3 Nxf2 26. Rd7 Be4+ 27.
Bxe4 fxe4 28. Nf4 Nd3 29. Rh1 Rfd8 30. Ra7 Nxf4 31. gxf4 Rd2 32. Ka1 Bxb2+ 33.
Kb1 Bg7 34. Rxa6 Rb2+ 35. Ka1 Rxg2+ 0-1

[Event "ENG-ch Senior 65+"]
[Site "Leamington"]
[Date "2023.05.04"]
[Round "1.2"]
[White "Baker, Chris W"]
[Black "Goodwin, Ed H"]
[Result "1-0"]
[WhiteElo "2226"]
[BlackElo "1817"]
[PlyCount "73"]
[EventDate "2023.05.04"]
[EventType "swiss"]
[EventRounds "7"]
[EventCountry "ENG"]
[SourceTitle "BritBase"]
[Source "John Saunders"]
[SourceDate "2023.05.08"]
[SourceVersion "1"]
[SourceVersionDate "2023.05.08"]
[SourceQuality "1"]

1. e4 e6 2. Nf3 d5 3. Nc3 c5 4. exd5 exd5 5. Bb5+ Nc6 6. Qe2+ Be6 7. Ne5 Rc8 8.
O-O Nf6 9. d3 Be7 10. Bf4 Bd6 11. Rae1 O-O 12. Bxc6 bxc6 13. Bg5 Qc7 14. f4 Nd7
15. Nxd7 Bxd7 16. Be7 Rfe8 17. Bxd6 Qxd6 18. Qf2 g6 19. Na4 d4 20. b3 Re6 21.
Re5 f6 22. Rxe6 Bxe6 23. Re1 Bf7 24. g3 Rc7 25. Qe2 Kf8 26. Kf2 Rc8 27. Qd2 Re8
28. Qa5 Rxe1 29. Kxe1 Qe7+ 30. Kd1 Qe3 31. Qe1 Qf3+ 32. Kc1 Qd5 33. Kb2 Qg2 34.
Nxc5 Qd5 35. Qb4 Kg7 36. Ne4 Qe6 37. Qxd4 1-0

[Event "ENG-ch Senior 65+"]
[Site "Leamington"]
[Date "2023.05.04"]
[Round "1.3"]
[White "Daniels, David W"]
[Black "Shephard, Chris Cw"]
[Result "1/2-1/2"]
[WhiteElo "1621"]
[BlackElo "2189"]
[PlyCount "166"]
[EventDate "2023.05.04"]
[EventType "swiss"]
[EventRounds "7"]
[EventCountry "ENG"]
[SourceTitle "BritBase"]
[Source "John Saunders"]
[SourceDate "2023.05.08"]
[SourceVersion "1"]
[SourceVersionDate "2023.05.08"]
[SourceQuality "1"]

1. d4 Nf6 2. Nf3 d6 3. c4 c5 4. Nc3 cxd4 5. Nxd4 g6 6. e4 Bg7 7. Be2 O-O 8. O-O
Nc6 9. Be3 Bd7 10. f3 Nxd4 11. Bxd4 Bc6 12. Qd2 Nd7 13. Bxg7 Kxg7 14. Kh1 a5
15. b3 Nc5 16. Rfd1 f6 17. Nd5 Bxd5 18. exd5 Qb6 19. Rab1 Rfe8 20. f4 Ne4 21.
Qd4 Qxd4 22. Rxd4 f5 23. Bf3 Nc5 24. Rd2 Ra6 25. Re1 Rb6 26. Rb1 Rb4 27. Bd1
Ne4 28. Rdb2 Rc8 29. Rc1 Rb6 30. g3 Nc5 31. Be2 Rb4 32. Rcb1 a4 33. Bd1 a3 34.
Re2 Kf7 35. Bc2 Rc7 36. Rbe1 b5 37. cxb5 Rxb5 38. h3 Nb7 39. Bd3 Rb4 40. Re3
Kf8 41. Bc4 Na5 42. R1e2 Ra7 43. Rc2 Nb7 44. Bf1 Nc5 45. Bc4 Nd7 46. Bf1 Nb6
47. Bc4 Rc7 48. Rce2 Ra7 49. Rc2 Ke8 50. g4 Kf7 51. Kh2 Rc7 52. Rce2 Nxc4 53.
bxc4 Rb2 54. Kg3 Rxe2 55. Rxe2 Rxc4 56. Re3 Ra4 57. Rd3 Ke8 58. h4 fxg4 59.
Kxg4 Kf7 60. Re3 h6 61. Rd3 Kf6 62. Re3 h5+ 63. Kg3 Ra7 64. Kf3 Kf5 65. Kg3 Kf6
66. Kf3 Ra5 67. Kg3 Rxd5 68. Rxa3 Kf5 69. Re3 e6 70. a4 Ra5 71. Ra3 Ke4 72. Ra2
Kd3 73. Kf3 d5 74. Re2 Ra6 75. Ra2 Kc4 76. Rg2 d4 77. Rxg6 d3 78. Ke3 Kc3 79.
Rg2 Rxa4 80. Rg8 Rc4 81. Rd8 d2 82. Rxd2 Rxf4 83. Rd6 Rxh4 1/2-1/2

[Event "ENG-ch Senior 65+"]
[Site "Leamington"]
[Date "2023.05.04"]
[Round "1.4"]
[White "Snape, Ian L"]
[Black "Clancy, Martin J"]
[Result "1-0"]
[WhiteElo "2096"]
[BlackElo "1706"]
[PlyCount "87"]
[EventDate "2023.05.04"]
[EventType "swiss"]
[EventRounds "7"]
[EventCountry "ENG"]
[SourceTitle "BritBase"]
[Source "John Saunders"]
[SourceDate "2023.05.08"]
[SourceVersion "1"]
[SourceVersionDate "2023.05.08"]
[SourceQuality "1"]

1. d4 Nf6 2. c4 g6 3. Nf3 Bg7 4. g3 O-O 5. Bg2 d6 6. Nc3 Nbd7 7. O-O c6 8. h3
Qc7 9. Be3 Rd8 10. Rc1 Rb8 11. Qd2 Ra8 12. d5 a5 13. b3 Nc5 14. Nd4 Bd7 15. Bh6
e5 16. Bxg7 Kxg7 17. Nc2 Nh5 18. e4 f5 19. exf5 Bxf5 20. Ne1 Rf8 21. g4 Nf4 22.
gxf5 Rxf5 23. Ne2 Nxg2 24. Kxg2 Ne4 25. Qe3 Ng5 26. Ng3 Rf4 27. h4 Nf7 28. Nd3
Rxh4 29. Rh1 Rg4 30. f3 Rg5 31. Kf2 Rf8 32. Rh3 h5 33. Kg2 Qe7 34. f4 Rg4 35.
Kh1 h4 36. Ne4 Nh6 37. Ng5 Nf5 38. Ne6+ Kg8 39. Qf3 Rg3 40. Rxg3 Nxg3+ 41. Kg2
e4 42. Qg4 exd3 43. Qxg6+ Kh8 44. Qh6+ 1-0

[Event "ENG-ch Senior 65+"]
[Site "Leamington"]
[Date "2023.05.04"]
[Round "1.5"]
[White "Baguley, John"]
[Black "Page, Mark E"]
[Result "0-1"]
[WhiteElo "1811"]
[BlackElo "2044"]
[PlyCount "68"]
[EventDate "2023.05.04"]
[EventType "swiss"]
[EventRounds "7"]
[EventCountry "ENG"]
[SourceTitle "BritBase"]
[Source "John Saunders"]
[SourceDate "2023.05.08"]
[SourceVersion "1"]
[SourceVersionDate "2023.05.08"]
[SourceQuality "1"]

1. d4 Nf6 2. Bf4 g6 3. c4 Bg7 4. Nc3 O-O 5. e4 d6 6. Nf3 Nc6 7. d5 e5 8. Be3
Ne7 9. Qd2 Ng4 10. Be2 h6 11. h3 Nxe3 12. Qxe3 f5 13. Bd3 c6 14. Rb1 Kh8 15. h4
Ng8 16. Kd2 Nf6 17. Qe2 b5 18. dxc6 bxc4 19. Bxc4 fxe4 20. Nxe4 d5 21. Ke1 Nxe4
22. Rd1 Qa5+ 23. Kf1 Be6 24. Bd3 Bf5 25. Ba6 Nxf2 26. Bb7 Nxh1 27. Kg1 Ng3 28.
Qe3 Rae8 29. Qb3 Ne2+ 30. Kh2 e4 31. Rxd5 Qc7+ 32. Kh1 exf3 33. Rd7 fxg2+ 34.
Kxg2 Be4+ 0-1

[Event "ENG-ch Senior 65+"]
[Site "Leamington"]
[Date "2023.05.04"]
[Round "1.6"]
[White "Bowmer, Kevin"]
[Black "Pollyn, Stephen M"]
[Result "1-0"]
[WhiteElo "2093"]
[BlackElo "1791"]
[PlyCount "87"]
[EventDate "2023.05.04"]
[EventType "swiss"]
[EventRounds "7"]
[EventCountry "ENG"]
[SourceTitle "BritBase"]
[Source "John Saunders"]
[SourceDate "2023.05.08"]
[SourceVersion "1"]
[SourceVersionDate "2023.05.08"]
[SourceQuality "1"]

1. e4 c5 2. Nf3 d6 3. d4 cxd4 4. Nxd4 Nf6 5. f3 a6 6. c4 e6 7. Nc3 Be7 8. Be3
O-O 9. Be2 Bd7 10. O-O Bc6 11. b4 b6 12. Nxc6 Nxc6 13. Qb3 Qc7 14. Rac1 Nd7 15.
Nd5 Qd8 16. Nxe7+ Qxe7 17. Rfd1 Rfd8 18. a3 a5 19. f4 axb4 20. axb4 Nf6 21. Bf3
Qc7 22. h3 h6 23. Ra1 Ne8 24. Ra4 Ra7 25. e5 Rda8 26. Rda1 Rxa4 27. Rxa4 Rb8
28. b5 Na5 29. Rxa5 bxa5 30. b6 Qd8 31. b7 Nc7 32. Ba7 Na6 33. Qb5 Nc5 34. Bxb8
Qxb8 35. exd6 Nxb7 36. Qxb7 Qxd6 37. Qa8+ Kh7 38. Qe4+ g6 39. Qe5 Qb4 40. c5 a4
41. c6 a3 42. c7 Qb1+ 43. Kh2 Qc1 44. Bb7 1-0

[Event "ENG-ch Senior 65+"]
[Site "Leamington"]
[Date "2023.05.04"]
[Round "1.7"]
[White "Neatherway, A Philip"]
[Black "Moore, Geoffrey R"]
[Result "0-1"]
[WhiteElo "1739"]
[BlackElo "1969"]
[PlyCount "72"]
[EventDate "2023.05.04"]
[EventType "swiss"]
[EventRounds "7"]
[EventCountry "ENG"]
[SourceTitle "BritBase"]
[Source "John Saunders"]
[SourceDate "2023.05.08"]
[SourceVersion "1"]
[SourceVersionDate "2023.05.08"]
[SourceQuality "1"]

1. e4 c5 2. Nc3 g6 3. g3 Bg7 4. Bg2 Nc6 5. d3 Rb8 6. Be3 Nd4 7. Nge2 e6 8. O-O
Ne7 9. Qd2 d6 10. Rab1 b5 11. a3 a5 12. a4 Nxe2+ 13. Qxe2 bxa4 14. Nxa4 Bd7 15.
b3 O-O 16. f4 Bxa4 17. bxa4 Rb4 18. Rxb4 cxb4 19. g4 Qd7 20. f5 exf5 21. exf5
gxf5 22. gxf5 Bf6 23. Bh6 Rc8 24. Qg4+ Kh8 25. Qh5 Ng8 26. Be3 Re8 27. Bd2 Re7
28. Kh1 Qxa4 29. Bd5 Qxc2 30. Rf2 Qb1+ 31. Kg2 Qxd3 32. Bxf7 Qe4+ 33. Kh3 Qd3+
34. Kg2 Bd4 35. Bxg8 Kxg8 36. Qg5+ Rg7 0-1

[Event "ENG-ch Senior 65+"]
[Site "Leamington"]
[Date "2023.05.04"]
[Round "1.8"]
[White "Clark, Robert G"]
[Black "Hall, Alan A"]
[Result "1-0"]
[WhiteElo "2080"]
[BlackElo "1747"]
[PlyCount "125"]
[EventDate "2023.05.04"]
[EventType "swiss"]
[EventRounds "7"]
[EventCountry "ENG"]
[SourceTitle "BritBase"]
[Source "John Saunders"]
[SourceDate "2023.05.08"]
[SourceVersion "1"]
[SourceVersionDate "2023.05.08"]
[SourceQuality "1"]

1. c4 Nf6 2. g3 e5 3. Bg2 d5 4. cxd5 Nxd5 5. Nc3 Nb6 6. Nf3 Nc6 7. O-O Be7 8.
a3 O-O 9. b4 Be6 10. d3 a6 11. Bb2 Qd7 12. Ne4 f6 13. Rc1 Rad8 14. Nfd2 Nd4 15.
Bxd4 exd4 16. Nb3 Bxb3 17. Qxb3+ Nd5 18. Rc4 Kh8 19. Rxd4 Qf5 20. Nc5 Bxc5 21.
Rxd5 Rxd5 22. Bxd5 Bb6 23. Bxb7 a5 24. bxa5 Bxa5 25. Qd5 Qxd5 26. Bxd5 Rb8 27.
Ra1 g6 28. Kg2 Kg7 29. Ra2 f5 30. a4 Kf6 31. Bc4 Re8 32. e3 c5 33. Rc2 Bb4 34.
Bb5 Rd8 35. Kf3 Ke5 36. Ke2 Kf6 37. Rc4 g5 38. h4 g4 39. f3 h5 40. fxg4 hxg4
41. d4 Rd6 42. dxc5 Rd2+ 43. Ke1 Rb2+ 44. Kd1 Ba5 45. c6 Rd2+ 46. Kc1 Rg2 47.
c7 Bxc7 48. Rxc7 Rxg3 49. Rc6+ Ke5 50. h5 Rxe3 51. h6 Rh3 52. Kd2 f4 53. Ke2
Rh2+ 54. Kf1 g3 55. Be2 Ke4 56. Rc4+ Ke3 57. Rc3+ Ke4 58. h7 Rxh7 59. Bd3+ Kd4
60. Bxh7 Kxc3 61. a5 Kd2 62. Be4 Ke3 63. Bb7 1-0

[Event "ENG-ch Senior 65+"]
[Site "Leamington"]
[Date "2023.05.04"]
[Round "1.9"]
[White "Earlam, Anthony"]
[Black "Raynes, Paul"]
[Result "1/2-1/2"]
[WhiteElo "1644"]
[BlackElo "2077"]
[PlyCount "34"]
[EventDate "2023.05.04"]
[EventType "swiss"]
[EventRounds "7"]
[EventCountry "ENG"]
[SourceTitle "BritBase"]
[Source "John Saunders"]
[SourceDate "2023.05.08"]
[SourceVersion "1"]
[SourceVersionDate "2023.05.08"]
[SourceQuality "1"]

1. e4 d6 2. Nc3 Nf6 3. Bc4 g6 4. d3 Bg7 5. Nf3 O-O 6. O-O c6 7. Bf4 d5 8. Bb3
Na6 9. Re1 Nc5 10. e5 Ne8 11. d4 Nxb3 12. axb3 Bg4 13. h3 Bxf3 14. Qxf3 Nc7 15.
Qe3 Ne6 16. Ne2 Nxf4 17. Nxf4 e6 1/2-1/2

[Event "ENG-ch Senior 65+"]
[Site "Leamington"]
[Date "2023.05.04"]
[Round "1.10"]
[White "Hutchinson, Paul A"]
[Black "Waldock, Adrian Dp"]
[Result "1-0"]
[WhiteElo "2005"]
[BlackElo "1686"]
[PlyCount "57"]
[EventDate "2023.05.04"]
[EventType "swiss"]
[EventRounds "7"]
[EventCountry "ENG"]
[SourceTitle "BritBase"]
[Source "John Saunders"]
[SourceDate "2023.05.08"]
[SourceVersion "1"]
[SourceVersionDate "2023.05.08"]
[SourceQuality "1"]

1. d4 Nf6 2. Bf4 c5 3. e3 e6 4. Nd2 d5 5. Ngf3 a6 6. a4 Nc6 7. c3 b6 8. Bd3 Bb7
9. Ne5 Nxe5 10. dxe5 Nd7 11. Qg4 Qc7 12. Nf3 O-O-O 13. O-O Nb8 14. Rfd1 Nc6 15.
e4 d4 16. Bc2 dxc3 17. Rxd8+ Nxd8 18. bxc3 h6 19. Nd2 g5 20. Bg3 Be7 21. h3 h5
22. Qe2 Nc6 23. Nc4 h4 24. Bh2 Na5 25. Nd6+ Bxd6 26. exd6 Qc6 27. Rd1 Kd7 28.
Qg4 f6 29. e5 1-0